Statistics for UEFA European Cup Top 4 Positions

Click here to take the quiz!

General Stats

  • This quiz has been taken 6,828 times
    (6,764 since last reset)
  • The average score is 19 of 20

Answer Stats

Winner% Correct
France
99%
Germany
99%
Germany
99%
Portugal
99%
Spain
99%
West Germany
99%
Italy
98%
England
96%
Greece
96%
Netherlands
95%
Denmark
92%
Sweden
92%
Belgium
90%
Russia
90%
Czechoslovakia
89%
Czech Republic
89%
Yugoslavia
83%
Hungary
82%
Sovietunion
82%
Turkey
82%

Score Distribution

Percentile by Number Answered

Percent of People with Each Score

Your Score History

You have not taken this quiz since the last reset